[Event "Stuttgart-chA int"]
[Site "Ditzingen"]
[Date "2012.05.17"]
[Round "1"]
[White "Petermann, Michail"]
[Black "Willems, Sebastian"]
[Result "1-0"]
[WhiteElo "2236"]
[BlackElo "2002"]
[PlyCount "55"]
[EventDate "2012.05.17"]
[EventType "swiss"]
[EventRounds "7"]
[EventCountry "GER"]
[SourceTitle "EXT 2018"]
[Source "ChessBase"]
[SourceDate "2017.10.13"]
[SourceVersion "1"]
[SourceVersionDate "2017.10.13"]
[SourceQuality "1"]

1. e4 d5 2. exd5 Nf6 3. Nc3 Nxd5 4. Bc4 Nb6 5. Bb3 c5 6. d3 Bf5 7. Qf3 Qc8 8. Bxf7+ Kxf7 9. g4 Nc6 10. Be3 e6 11. gxf5 exf5 12. Nge2 Ne5 13. Qg3 Ng6 14. h4 Qc6 15. 0-0-0 Bd6 16. Qg5 Ne7 17. Bf4 Rad8 18. Rhg1 g6 19. Kb1 Nbd5 20. Nxd5 Nxd5 21. h5 Bxf4 22. Nxf4 Nxf4 23. Qxf4 Qd6 24. Qh6 Qf6 25. Rde1 g5 26. Qxg5 Qxg5 27. Rxg5 Rhg8 28. Rxf5+ 1-0

[Event "GER-chT U20"]
[Site "Kelbra"]
[Date "2006.12.30"]
[Round "7.3"]
[White "Strache, Michael"]
[Black "Willems, Sebastian"]
[Result "1/2-1/2"]
[WhiteElo "2087"]
[BlackElo "1931"]
[PlyCount "82"]
[EventDate "2006.12.27"]
[EventType "team-swiss"]
[EventRounds "7"]
[EventCountry "GER"]
[SourceTitle "EXT 2008"]
[Source "ChessBase"]
[SourceDate "2007.11.25"]
[SourceVersion "1"]
[SourceVersionDate "2007.11.25"]
[SourceQuality "1"]
[WhiteTeam "Sangerhausen U20"]
[BlackTeam "Wolfbusch U20"]
[WhiteTeamCountry "GER"]
[BlackTeamCountry "GER"]

1. d4 Nf6 2. c4 e6 3. g3 Bb4+ 4. Nd2 d5 5. Bg2 0-0 6. Ngf3 b6 7. a3 Be7 8. 0-0 a5 9. Re1 Bb7 10. cxd5 exd5 11. Nh4 Re8 12. Nf5 Bf8 13. Nf3 Ne4 14. Ne5 c5 15. Be3 Nd7 16. Nxd7 Qxd7 17. Bh3 Qb5 18. a4 Qc6 19. f3 Nf6 20. Bf2 g6 21. Ne3 c4 22. Qc2 b5 23. axb5 Qxb5 24. Nd1 Bc6 25. Nc3 Qb6 26. e4 dxe4 27. fxe4 Qb7 28. d5 Bd7 29. Bg2 Ng4 30. Bd4 Ne5 31. Rf1 Nd3 32. Ne2 Bb5 33. Nf4 Ne5 34. Rfe1 Bg7 35. Qc3 a4 36. Kh1 Qe7 37. Rf1 Rab8 38. h3 Bd7 39. Ra3 Rb3 40. Rxb3 cxb3 41. Rc1 h6 1/2-1/2

[Event "GER-ch op U25"]
[Site "Willingen"]
[Date "2006.06.09"]
[Round "9"]
[White "Gharibyan, Harutyun"]
[Black "Willems, Sebastian"]
[Result "0-1"]
[WhiteElo "1953"]
[BlackElo "1886"]
[PlyCount "94"]
[EventDate "2006.06.04"]
[EventType "swiss"]
[EventRounds "9"]
[EventCountry "GER"]
[SourceTitle "EXT 2007"]
[Source "ChessBase"]
[SourceDate "2006.11.23"]
[SourceVersion "1"]
[SourceVersionDate "2006.11.23"]
[SourceQuality "1"]

1. d4 Nf6 2. Nf3 e6 3. e3 b6 4. Bd3 Bb7 5. 0-0 Be7 6. Nbd2 d5 7. Ne5 0-0 8. f4 Nbd7 9. b3 Ne4 10. Nxe4 dxe4 11. Nxd7 Qxd7 12. Be2 Bf6 13. Bb2 Rad8 14. g4 g6 15. g5 Bg7 16. Bg4 c5 17. c3 Qc6 18. Rc1 Rd7 19. Rf2 Rfd8 20. Rd2 a5 21. h4 Ba6 22. h5 Bd3 23. Be2 Bxe2 24. Qxe2 a4 25. hxg6 hxg6 26. b4 a3 27. Bxa3 Ra8 28. b5 Qc8 29. Bb2 Rxa2 30. Qc4 Qa8 31. Rcd1 cxd4 32. cxd4 Qd5 33. Qc8+ Rd8 34. Qc7 Qd6 35. Qc4 Qd5 36. Qc7 Rda8 37. Qxb6 Qb3 38. Qc6 Qxe3+ 39. Kg2 Qf3+ 40. Kg1 Qxf4 41. b6 Qxg5+ 42. Kf1 Qf5+ 43. Rf2 Qh5 44. Rfd2 Qh1+ 45. Ke2 Qf3+ 46. Ke1 Bf6 47. Rd3 Bh4+ 0-1

[Event "GER-ch op U25"]
[Site "Willingen"]
[Date "2006.06.05"]
[Round "4"]
[White "Willems, Sebastian"]
[Black "Billing, Christian"]
[Result "1/2-1/2"]
[WhiteElo "1886"]
[BlackElo "2080"]
[PlyCount "66"]
[EventDate "2006.06.04"]
[EventType "swiss"]
[EventRounds "9"]
[EventCountry "GER"]
[SourceTitle "EXT 2007"]
[Source "ChessBase"]
[SourceDate "2006.11.23"]
[SourceVersion "1"]
[SourceVersionDate "2006.11.23"]
[SourceQuality "1"]

1. c4 e6 2. Nc3 Nf6 3. e4 d5 4. e5 Nfd7 5. d4 dxc4 6. Bxc4 a6 7. Nf3 b5 8. Bd3 Bb7 9. Be4 Bxe4 10. Nxe4 Nb6 11. 0-0 N8d7 12. Qe2 Nd5 13. Bg5 Be7 14. Bxe7 Qxe7 15. Rac1 N7b6 16. Nc5 Nf4 17. Qe4 Nbd5 18. a3 g5 19. Nd3 Nxd3 20. Qxd3 h5 21. Qc2 Kf8 22. Qc5 g4 23. Ng5 Qxc5 24. Rxc5 Kg7 25. Rd1 Rhd8 26. Ne4 Rd7 27. Rc2 a5 28. Kf1 b4 29. Rc5 bxa3 30. bxa3 a4 31. Rc4 Nb6 32. Rb4 Nd5 33. Rc4 Nb6 1/2-1/2

[Event "Stuttgart-chA int"]
[Site "Ditzingen"]
[Date "2005.05.05"]
[Round "2"]
[White "Willems, Sebastian"]
[Black "Janata, Andreas"]
[Result "1/2-1/2"]
[WhiteElo "1739"]
[BlackElo "2018"]
[PlyCount "85"]
[EventDate "2005.05.05"]
[EventType "swiss"]
[EventRounds "7"]
[EventCountry "GER"]
[SourceTitle "EXT 2018"]
[Source "ChessBase"]
[SourceDate "2017.10.13"]
[SourceVersion "1"]
[SourceVersionDate "2017.10.13"]
[SourceQuality "1"]

1. c4 Nf6 2. Nc3 c5 3. Nf3 b6 4. e3 Bb7 5. Be2 g6 6. 0-0 Bg7 7. d4 0-0 8. b3 cxd4 9. Nxd4 Nc6 10. Bb2 Nxd4 11. exd4 d5 12. Bf3 Rc8 13. Re1 Re8 14. Rc1 a6 15. Ba3 e6 16. Qd2 Rc7 17. c5 b5 18. Bb4 Qa8 19. a4 Bc6 20. axb5 axb5 21. Be2 Ne4 22. Nxe4 dxe4 23. Ra1 Qb7 24. Qe3 e5 25. dxe5 Bxe5 26. Rad1 Rd7 27. Rxd7 Qxd7 28. Rd1 Qc7 29. g3 Rd8 30. Rxd8+ Qxd8 31. Qd2 Qxd2 32. Bxd2 f5 33. Bd1 Kf7 34. b4 Ke6 35. Bb3+ Bd5 36. Bxd5+ Kxd5 37. Kf1 Bg7 38. Ke2 h6 39. h4 Bf8 40. Bf4 Bg7 41. Bd2 Bf8 42. Bf4 Bg7 43. Bd2 1/2-1/2

[Event "Wuertemberg-ch U18"]
[Site "Germany"]
[Date "2004.04.15"]
[Round "4"]
[White "Prim, Markus"]
[Black "Willems, Sebastian"]
[Result "0-1"]
[WhiteElo "1335"]
[BlackElo "1587"]
[PlyCount "46"]
[EventDate "2004.04.??"]
[EventType "swiss"]
[EventRounds "7"]
[EventCountry "GER"]
[SourceTitle "EXT 2005"]
[Source "ChessBase"]
[SourceDate "2004.11.15"]
[SourceVersion "1"]
[SourceVersionDate "2004.11.15"]
[SourceQuality "1"]

1. e4 d5 2. e5 c5 3. d4 e6 4. Qg4 Ne7 5. Nf3 Nbc6 6. Bd3 cxd4 7. 0-0 Ng6 8. Bxg6 hxg6 9. Re1 Qc7 10. Nxd4 Nxd4 11. Qxd4 Qxc2 12. Nc3 g5 13. Qd1 Qh7 14. h3 Bd7 15. Bxg5 Qg6 16. Qg4 Rh5 17. Bd2 Qxg4 18. hxg4 Rh4 19. f3 Bc5+ 20. Kf1 b5 21. Rac1 b4 22. Nxd5 Bb5+ 23. Re2 Rh1# 0-1

[Event "Wuerttemberg-ch U16"]
[Site "Stuttgart"]
[Date "2003.04.26"]
[Round "7"]
[White "Mueller, Ulrich"]
[Black "Willems, Sebastian"]
[Result "1/2-1/2"]
[WhiteElo "1732"]
[BlackElo "1581"]
[PlyCount "71"]
[EventDate "2003.04.??"]
[EventType "swiss"]
[EventRounds "7"]
[EventCountry "GER"]
[SourceTitle "EXT 2005"]
[Source "ChessBase"]
[SourceDate "2004.11.15"]
[SourceVersion "1"]
[SourceVersionDate "2004.11.15"]
[SourceQuality "1"]

1. e4 e6 2. d4 Ne7 3. Nc3 d5 4. exd5 Nxd5 5. Nxd5 Qxd5 6. Nf3 c5 7. Be3 cxd4 8. Qxd4 Qxd4 9. Bxd4 Nc6 10. 0-0-0 Nxd4 11. Nxd4 a6 12. Nb3 Bd7 13. Bd3 Be7 14. Be4 Rb8 15. Na5 Bc8 16. c3 0-0 17. f4 Re8 18. g3 h6 19. Rd3 Rd8 20. Rhd1 Rxd3 21. Rxd3 Kf8 22. Nc4 b5 23. Ne5 Bf6 24. Nd7+ Bxd7 25. Rxd7 b4 26. c4 b3 27. a3 a5 28. Bc6 g5 29. Ba4 gxf4 30. gxf4 e5 31. Rd6 Bg7 32. f5 e4 33. f6 Bh8 34. Rd4 e3 35. Kd1 Bxf6 36. Rd5 1/2-1/2

[Event "Wuerttemberg-ch U16"]
[Site "Stuttgart"]
[Date "2003.04.24"]
[Round "4"]
[White "Friedrich, Andreas"]
[Black "Willems, Sebastian"]
[Result "1-0"]
[WhiteElo "1376"]
[BlackElo "1581"]
[PlyCount "139"]
[EventDate "2003.04.??"]
[EventType "swiss"]
[EventRounds "7"]
[EventCountry "GER"]
[SourceTitle "EXT 2005"]
[Source "ChessBase"]
[SourceDate "2004.11.15"]
[SourceVersion "1"]
[SourceVersionDate "2004.11.15"]
[SourceQuality "1"]

1. e4 Nf6 2. Nc3 d5 3. exd5 Nxd5 4. Nf3 Bg4 5. d3 c5 6. Bd2 Nc6 7. Be2 e6 8. h3 Bh5 9. Nxd5 exd5 10. Be3 d4 11. Bd2 Bg6 12. Bf4 Bd6 13. Qd2 0-0 14. 0-0 Re8 15. Rfe1 Qc7 16. Bxd6 Qxd6 17. Bf1 h6 18. Re2 Bh5 19. Rae1 Rxe2 20. Qxe2 Qd5 21. g4 Bg6 22. b3 f6 23. Qe6+ Bf7 24. Qxd5 Bxd5 25. Bg2 Kf8 26. Nd2 Bxg2 27. Kxg2 Re8 28. Rxe8+ Kxe8 29. a3 Ke7 30. Kf3 Ke6 31. Kf4 Ne7 32. Ne4 b6 33. Ng3 g6 34. Ne2 Nd5+ 35. Kg3 f5 36. Nf4+ Nxf4 37. Kxf4 fxg4 38. hxg4 Kd5 39. Kg3 Ke5 40. f4+ Kf6 41. Kh4 h5 42. f5 hxg4 43. fxg6 g3 44. g7 Kxg7 45. Kxg3 Kf6 46. Kf4 Ke6 47. Ke4 Kd6 48. b4 cxb4 49. axb4 Kc6 50. Kxd4 Kb5 51. Kc3 a6 52. d4 Kc6 53. Kc4 Kd6 54. b5 a5 55. Kd3 Kd5 56. c4+ Kd6 57. Kc3 Kd7 58. c5 Kc7 59. Kc4 Kb7 60. c6+ Kc8 61. d5 Kc7 62. Kd4 Kd6 63. Ke4 Ke7 64. Ke5 Kd8 65. d6 Ke8 66. Ke6 Kd8 67. c7+ Kc8 68. Ke7 a4 69. d7+ Kxc7 70. d8Q+ 1-0

[Event "Wuerttemberg-ch U16"]
[Site "Stuttgart"]
[Date "2003.04.23"]
[Round "3"]
[White "Willems, Sebastian"]
[Black "Loerincz, Benjamin"]
[Result "1-0"]
[WhiteElo "1581"]
[BlackElo "1313"]
[PlyCount "111"]
[EventDate "2003.04.??"]
[EventType "swiss"]
[EventRounds "7"]
[EventCountry "GER"]
[SourceTitle "EXT 2005"]
[Source "ChessBase"]
[SourceDate "2004.11.15"]
[SourceVersion "1"]
[SourceVersionDate "2004.11.15"]
[SourceQuality "1"]

1. e4 c6 2. d4 d5 3. Nc3 dxe4 4. Nxe4 Bf5 5. Ng3 Bg6 6. h4 h6 7. h5 Bh7 8. Nf3 Nd7 9. Be3 Qc7 10. Bd3 Bxd3 11. Qxd3 Ngf6 12. c3 e6 13. Qd2 Bd6 14. Ne2 Nd5 15. g3 Nxe3 16. Qxe3 Nf6 17. Nd2 Nd5 18. Qe4 0-0-0 19. Nc4 Nf6 20. Qf3 Rhe8 21. 0-0-0 e5 22. Nxd6+ Qxd6 23. Qf5+ Qe6 24. Qxe6+ Rxe6 25. dxe5 Rxe5 26. Nf4 Rxd1+ 27. Kxd1 Ng4 28. Nd3 Rd5 29. Ke2 Nf6 30. Nf4 Re5+ 31. Kf3 Ne4 32. Kg2 Nf6 33. f3 Nd5 34. Nd3 Re2+ 35. Kh3 Rd2 36. Ne5 f6 37. Nc4 Rf2 38. f4 b5 39. Nd6+ Kd7 40. Nf5 Rxb2 41. Nxg7 Ne7 42. Rd1+ Kc7 43. Ne8+ Kb6 44. Nxf6 Rxa2 45. Re1 Nf5 46. Ng8 Rc2 47. Kg4 Nxg3 48. Kxg3 Rxc3+ 49. Kg4 b4 50. f5 b3 51. f6 b2 52. Rb1 Rc2 53. f7 Rf2 54. Rxb2+ Rxb2 55. f8Q Rg2+ 56. Kh3 1-0

[Event "Stuttgart-chB"]
[Site "Stuttgart"]
[Date "2003.??.??"]
[Round "?"]
[White "Willems, Sebastian"]
[Black "Cepo, Toni"]
[Result "0-1"]
[WhiteElo "1660"]
[BlackElo "1845"]
[PlyCount "80"]
[EventDate "2003.??.??"]
[EventType "swiss"]
[EventRounds "9"]
[EventCountry "GER"]
[SourceTitle "EXT 2007"]
[Source "ChessBase"]
[SourceDate "2006.11.23"]
[SourceVersion "1"]
[SourceVersionDate "2006.11.23"]
[SourceQuality "1"]

1. e4 c5 2. Nf3 d6 3. d4 cxd4 4. Nxd4 Nf6 5. Nc3 g6 6. f3 Bg7 7. Be3 0-0 8. Qd2 Nc6 9. 0-0-0 Nxd4 10. Bxd4 Be6 11. g4 Qa5 12. h4 Rfc8 13. a3 Rab8 14. h5 b5 15. h6 Bh8 16. g5 Nd7 17. Bxh8 Kxh8 18. Qd4+ f6 19. Nd5 Bxd5 20. Qxd5 Qa4 21. Rh2 b4 22. Rd3 bxa3 23. Rxa3 Qb4 24. Ra2 Nc5 25. c3 Nb3+ 26. Kb1 Rxc3 27. bxc3 Qxc3 28. Qxb3 Rxb3+ 29. Rab2 Qxf3 30. Rxb3 Qxb3+ 31. Rb2 Qd1+ 32. Ka2 Qa4+ 33. Kb1 Qxe4+ 34. Ka2 Kg8 35. Rb8+ Kf7 36. Rc8 Qa4+ 37. Kb2 Qb4+ 38. Ka2 Qd2+ 39. Ka3 Qe3+ 40. Ka2 Qf2+ 0-1

[Event "GER-chT U16"]
[Site "Burg Stargard"]
[Date "2002.12.28"]
[Round "3.4"]
[White "Schantz, Kevin"]
[Black "Willems, Sebastian"]
[Result "0-1"]
[WhiteElo "1396"]
[BlackElo "1522"]
[PlyCount "72"]
[EventDate "2002.12.27"]
[EventType "team"]
[EventRounds "7"]
[EventCountry "GER"]
[SourceTitle "CBM 092 Extra"]
[Source "ChessBase"]
[SourceDate "2003.03.07"]
[SourceVersion "1"]
[SourceVersionDate "2003.03.07"]
[SourceQuality "1"]

1. Nf3 Nf6 2. g3 d5 3. Bg2 Bf5 4. 0-0 e6 5. d3 Be7 6. Bf4 0-0 7. Nbd2 Nbd7 8. c4 dxc4 9. Nxc4 c6 10. Rc1 h6 11. a3 Nb6 12. Nce5 Bh7 13. b4 Nbd5 14. Bd2 a6 15. Qb3 Nc7 16. Rc2 Nd7 17. Ng4 Nf6 18. Nfe5 Nxg4 19. Nxg4 Bg5 20. Bc3 Nd5 21. Bxd5 exd5 22. Qb2 Bf5 23. Ne3 Bxe3 24. fxe3 g6 25. Bg7 Re8 26. Bxh6 f6 27. g4 Bxg4 28. Rxf6 Kh7 29. Rd6 Qe7 30. Bf4 g5 31. Bg3 Qxe3+ 32. Kg2 Rf8 33. Rf6 Rae8 34. Rxf8 Rxf8 35. Rd2 d4 36. Qc2 Be6 0-1